| 000 | 00548nam a2200169 i 4500 | ||
|---|---|---|---|
| 001 | 70425 | ||
| 003 | ES-MaACL | ||
| 005 | 20230906170820.0 | ||
| 007 | t| | ||
| 008 | 040723s1973 sp ||||1| cat d | ||
| 100 | 1 |
_aGarcía Sevilla, Luis. _955299 |
|
| 245 | 1 | 3 |
_aLa llengua i l'escola a les Baleares / _cLuis García Sevilla, Victor Garau Jaulin du Seutre. |
| 260 |
_aCiutat de Mallorca : _bObra Cultural Balear, _c1973. |
||
| 300 |
_a55 p. ; _c19 cm. |
||
| 700 | 1 |
_aGarau Jaulin du Seutre, Victor. _953929 |
|
| 852 |
_aES-MaACL _jC-52862 _bR.85846 |
||
| 999 |
_c70425 _d70425 |
||